000 00688nam a2200193 a 4500
001 000036408
005 20200930075721.0
008 120117s1987 cu 000 0 spa d
040 _aDO-SdBNP
_bspa
_cBNPHU
082 _axxxx
_bxxxx
100 1 _aPita Rodríguez, Félix
_940054
245 1 3 _aLa pipa de cerezo y otros cuentos /
_cFélix Pita Rodríguez ; selección, prólogo y notas Aimée González Bolaños y Marisel García Yanes.
260 _aLa Habana, :
_bLetras cubanas,
_c1987.
300 _a251 p. ;
_c18 cm.
490 1 _aGiraldilla
700 1 _aGonzález Bolaños, Aimée,
_epról.
_962618
700 1 _aGarcía Yanes, Marisel,
_epról.
_962619
830 0 _aGiraldilla
_98904
999 _c35899
_d35899